000 00732nam a2200289Ia 4500
005 20260324125243.0
008 008 260324s9999 xx 000 0 eng d
020 _a9781315832050
037 _aEBOOK
040 _aCRL
040 _beng
040 _cCRL
041 _2eng
041 _aeng
084 _qCRL
100 _aSusan Bentham; Roger Hutchins
_91169024
245 2 _aA Teaching Assistant's Guide to Completing NVQ Level 3
245 0 _bSupporting Teaching and Learning in Schools
260 _bTaylor and Francis
260 _c2009
365 _a
365 _b230
856 _uhttp://www.taylorfrancis.com/books/9781315832050
942 _cEBOOK
999 _c1772370
_d1772370